Az általános iskolai gyakorlati foglalkozás tanításának módszertana

Elmentve itt :
Bibliográfiai részletek
Szerző: Czimer László
További közreműködők: nincs megadva (Témavezető)
Dokumentumtípus: Disszertáció
Megjelent: 1961
Kulcsszavak:Pedagógia
Tárgyszavak:
Online Access:http://doktori.ek.szte.hu/9231
LEADER 00816nta a2200217 i 4500
001 dokt9231
005 20240314140747.0
008 240314s1961 hu om 0|| hun d
040 |a SZTE Doktori Repozitórium  |b hun 
041 |a hun 
100 1 |a Czimer László 
245 1 3 |a Az általános iskolai gyakorlati foglalkozás tanításának módszertana  |h [elektronikus dokumentum] /  |c  Czimer László 
260 |c 1961 
502 |a Disszertacio 
650 4 |a neveléstudományok 
650 4 |a Társadalomtudományok 
650 4 |a Oktatástudomány 
695 |a Pedagógia 
700 0 1 |a nincs megadva  |e ths 
856 4 0 |u https://doktori.bibl.u-szeged.hu/id/eprint/9231/1/1961_czimer_laszlo.pdf  |z Dokumentum-elérés  
856 4 0 |u https://doktori.bibl.u-szeged.hu/id/eprint/9231/2/1961_czimer_laszlo_egyeb.pdf  |z Dokumentum-elérés